| 000 | 006500000a22002050004500 | ||
|---|---|---|---|
| 003 | LK-CoMWRAF | ||
| 005 | 20231109111144.0 | ||
| 008 | 230817t1998 ||||| |||| 00| 0 eng d | ||
| 020 | _a0316051098 | ||
| 040 |
_aLK-CoMWRAF _dLK-CoMWRAF _eLK-CoMWRAF |
||
| 041 | _aeng | ||
| 082 |
_a616.99 _bARN |
||
| 100 | _aArnot, Robert | ||
| 245 |
_aThe Breast Cancer Prevention Diet: _bThe Powerful foods, Suppliments, and Drugs that combat Breast Cancer |
||
| 260 |
_aBoston: _bLittle Brown and Company, _c1998 |
||
| 300 |
_axv, 270 p. ; 22 cm. _bIndex included |
||
| 650 | _aBREAST-Cancer--Prevention | ||
| 650 | _aBreast--Cancer--Diet therapy | ||
| 942 | _cBK | ||
| 999 |
_c2408 _d2408 |
||